000 02188pam a2200361 i 4500
001 768714001
003 CO-MdFUSB
005 20220615164514.0
007 ta
008 870808t1959 nyu b 001 0 eng
020 _a0824508696
040 _aDLC
_cCO-MdFUSB
_dUtOrBLW
_bspa
_erda
041 1 _aeng
_hger
082 _223
_a230.018
_bJ43
100 1 _aJeanrond, Werner G.,
_d1955-
_eautor
240 1 0 _aText und Interpretation als Kategorien theologischen Denkens.
245 1 0 _aText and interpretation as categories of theological thinking /
_cWerner G. Jeanrond ; traducido por Thomas J. Wilson.
264 1 _aNew York :
_bCrossroad,
_c[1959]
264 4 _c© 1959
300 _axix, 196 páginas ;
_c22 cm.
336 _atexto
_btxt
_2rdacontent.
337 _asin mediación
_bn
_2rdamedia.
338 _avolumen
_bnc
_2rdacarrier.
500 _aIncludes indexes.
504 _aBibliografía: pág. [183]-191.
505 _aLa interpretación como categoría del pensamiento teológico. Introducción -- La importancia fundamental de la interpretación para la teología -- Hacia una definición de 'Interpretación' a partir de la hermenéutica filosófica de Hans-Georg Gadamer -- Mayor precisión en la elaboración del concepto de 'Interpretación' a través de la teoría de la interpretación de Paul Ricoeur -- Interpretación y evaluación -- El texto como categoría del pensamiento teológico. Introducción -- Teología: ¿ciencia de la oración o del texto? -- Reflexiones sobre la lingüística del texto -- Texto y géneros de texto -- Lectura y géneros de lectura -- Pluralismo lector y responsabilidad del lector: criterios para una ética de la interpretación teológica -- Texto e interpretación como categorías del pensamiento teológico. Introducción -- De la teología hermenéutica a la hermenéutica teológica: la teoría teológica de la interpretación de David Tracy -- Hermenéutica y teología: retrospectiva y prospectiva.
650 7 _aHermenéutica
_9418
653 _aTeología -- Interpretación.
700 _96091
_aWilson, Thomas J.,
_etraductor
942 _cBK
945 _aJTF-925
999 _c67139
_d67139